000 01463nam a2200397 i 4500
001 843
003 KOSZ 005
005 20210824094935.0
008 961010s1984 pl g |000 0 pol
040 _cKOSZ 005
_aKOSZ 005
_dKOSZ 005/AR
_dKOSZ 005/HR
041 _apol
_hslo
044 _apl
080 _a539.12
100 1 _aTölgyessy, Juraj
_d(1931- )
_eAutor
245 0 _aAlfa, Beta, Gamma :
_bpromieniowanie nadziei /
_cJuraj Tölgyessy, Milan Kenda ; ze słowackiego tłumaczył Tadeusz Siemek.
246 _iTytuł oryginału :
_aŽarenie - hrozba i nádej
260 _aWarszawa :
_bWiedza Powszechna,
_c1984.
300 _a397, [1] strona :
_bilustracje errata ;
_c22 cm.
336 _aTekst
_btxt
_2rdacontent
337 _aBez urządzenia pośredniczącego
_bn
_2rdamedia
338 _aWolumin
_bnc
_2rdacarrier
380 _aKsiążki
380 _aPublikacje popularnonaukowe
388 _a1901-2000
388 _a1945-1989
504 _aBibliografia na stronie 390. Indeks.
650 7 _aPromieniowanie
650 2 _aPromieniowanie jonizujące
650 2 _aPromieniotwórczość
658 _aMedycyna i zdrowie
700 1 _aKenda, Milan
_eAutor
710 _4pbl
_aPaństwowe Wydawnictwo Wiedza Powszechna
700 1 _aSiemek, Tadeus
_eTłumaczenie
856 _uhttp://koha.tu.koszalin.pl/cgi-bin/koha/opac-detail.pl?biblionumber=843
_yKatalog online BPK
942 _cKS
_2UKD
999 _c843
_d843